<?xml version="1.0" encoding="UTF-8"?>
<record
    xmlns:xsi="http://www.w3.org/2001/XMLSchema-instance"
    xsi:schemaLocation="http://www.loc.gov/MARC21/slim http://www.loc.gov/standards/marcxml/schema/MARC21slim.xsd"
    xmlns="http://www.loc.gov/MARC21/slim">

  <leader>01674nam a22003617a 4500</leader>
  <controlfield tag="001">000763</controlfield>
  <controlfield tag="003">DO-SdBNP</controlfield>
  <controlfield tag="005">20180214111331.0</controlfield>
  <controlfield tag="007">000763</controlfield>
  <controlfield tag="008">161116b    2010   uy a   ||||| |||| 00| 0 spa d</controlfield>
  <datafield tag="020" ind1=" " ind2=" ">
    <subfield code="a"> 9789974686731 </subfield>
  </datafield>
  <datafield tag="040" ind1=" " ind2=" ">
    <subfield code="a">BPMSU</subfield>
    <subfield code="b">spa</subfield>
    <subfield code="c">BPMSU</subfield>
  </datafield>
  <datafield tag="082" ind1=" " ind2="4">
    <subfield code="a">500</subfield>
    <subfield code="b">P658d</subfield>
  </datafield>
  <datafield tag="100" ind1="1" ind2=" ">
    <subfield code="a">Pinski, Anabella Victoria</subfield>
  </datafield>
  <datafield tag="245" ind1="1" ind2="0">
    <subfield code="a">A descubrir y conocer la magia de las ciencias : </subfield>
    <subfield code="b">iniciaci&#xF3;n al conocimiento cient&#xED;fico y tecnol&#xF3;gico /</subfield>
    <subfield code="c">Anabella Victoria  Pinski ; ilustraciones especiales  Diego Andr&#xE9;s Klacik.</subfield>
  </datafield>
  <datafield tag="260" ind1="0" ind2=" ">
    <subfield code="a">Montevideo : </subfield>
    <subfield code="b">Arquetipo Grupo Editorial, </subfield>
    <subfield code="b">Lexus, </subfield>
    <subfield code="c">2010.</subfield>
  </datafield>
  <datafield tag="300" ind1=" " ind2=" ">
    <subfield code="a">263 p. : </subfield>
    <subfield code="b">il. ; </subfield>
    <subfield code="c">27 cm. +</subfield>
    <subfield code="e">CD-ROM</subfield>
  </datafield>
  <datafield tag="505" ind1="0" ind2=" ">
    <subfield code="t">La luz. Una amiga luminosa --</subfield>
    <subfield code="t"> El aire. Un amigo andar&#xED;n --</subfield>
    <subfield code="t">El agua. Nuestra amiga viajera --</subfield>
    <subfield code="t">El sonido. Ruidos y ruiditos --</subfield>
    <subfield code="t"> Alimentaci&#xF3;n. &#xA1;Hora de comer! --</subfield>
    <subfield code="t">El suelo. Un tesoro natural --</subfield>
    <subfield code="t">Ocupaciones y profesiones. &#xBF; Qui&#xE9;n sabe hacer? --</subfield>
    <subfield code="t">Los materiales. &#xBF;Suave, &#xE1;spero, duro? --</subfield>
    <subfield code="t"> Las herramientas. Ayudantes &#xFA;tiles --</subfield>
    <subfield code="t"> Las t&#xE9;cnicas. Secretos para hacer --</subfield>
    <subfield code="t">Fuerza y equilibrio. &#xA1;Mira que fuerza! --</subfield>
    <subfield code="t">La electricidad. Energ&#xED;a especial --</subfield>
    <subfield code="t">El mundo vegetal. Secretos de las plantas --</subfield>
    <subfield code="t"> El mundo animal. Secretos de los animales.</subfield>
  </datafield>
  <datafield tag="650" ind1=" " ind2="4">
    <subfield code="a">CIENCIAS NATURALES</subfield>
  </datafield>
  <datafield tag="650" ind1=" " ind2="4">
    <subfield code="a">LUZ</subfield>
  </datafield>
  <datafield tag="650" ind1=" " ind2="4">
    <subfield code="a">AIRE</subfield>
  </datafield>
  <datafield tag="650" ind1=" " ind2="4">
    <subfield code="a">AGUA</subfield>
  </datafield>
  <datafield tag="650" ind1=" " ind2="4">
    <subfield code="a">PLANTAS</subfield>
  </datafield>
  <datafield tag="650" ind1=" " ind2="4">
    <subfield code="a">SUELOS</subfield>
  </datafield>
  <datafield tag="650" ind1=" " ind2="4">
    <subfield code="a">SONIDO</subfield>
  </datafield>
  <datafield tag="650" ind1=" " ind2="4">
    <subfield code="a">FUERZA  Y ENERG&#xCD;A</subfield>
  </datafield>
  <datafield tag="650" ind1=" " ind2="4">
    <subfield code="a">ELECTRICIDAD</subfield>
  </datafield>
  <datafield tag="700" ind1="1" ind2="2">
    <subfield code="a">Klacik, Diego Andr&#xE9;s,</subfield>
    <subfield code="e">il. </subfield>
  </datafield>
  <datafield tag="910" ind1=" " ind2=" ">
    <subfield code="a">Validado. Control de calidad MFF</subfield>
  </datafield>
  <datafield tag="942" ind1=" " ind2=" ">
    <subfield code="2">ddc</subfield>
    <subfield code="c">BK</subfield>
  </datafield>
  <datafield tag="945" ind1=" " ind2=" ">
    <subfield code="a">Inventariado, 2018 / BT</subfield>
  </datafield>
  <datafield tag="952" ind1=" " ind2=" ">
    <subfield code="0">0</subfield>
    <subfield code="1">0</subfield>
    <subfield code="2">ddc</subfield>
    <subfield code="4">0</subfield>
    <subfield code="7">0</subfield>
    <subfield code="8">CI-G</subfield>
    <subfield code="a">BPMET</subfield>
    <subfield code="b">BPMET</subfield>
    <subfield code="d">2016-11-29</subfield>
    <subfield code="e">Sin sellar</subfield>
    <subfield code="l">0</subfield>
    <subfield code="o">500   P658d</subfield>
    <subfield code="p">BPMSU16111633</subfield>
    <subfield code="r">2016-11-29</subfield>
    <subfield code="w">2016-11-29</subfield>
    <subfield code="y">BK</subfield>
  </datafield>
  <datafield tag="952" ind1=" " ind2=" ">
    <subfield code="0">0</subfield>
    <subfield code="1">0</subfield>
    <subfield code="2">ddc</subfield>
    <subfield code="4">0</subfield>
    <subfield code="7">0</subfield>
    <subfield code="8">CI-G</subfield>
    <subfield code="a">BPMET</subfield>
    <subfield code="b">BPMET</subfield>
    <subfield code="d">2016-11-29</subfield>
    <subfield code="e">Sin sellar</subfield>
    <subfield code="l">0</subfield>
    <subfield code="o">500   P658d</subfield>
    <subfield code="p">BPMSU16111634</subfield>
    <subfield code="r">2016-11-29</subfield>
    <subfield code="t">e. 2</subfield>
    <subfield code="w">2016-11-29</subfield>
    <subfield code="y">BK</subfield>
  </datafield>
  <datafield tag="956" ind1=" " ind2=" ">
    <subfield code="2">LOPEREZ</subfield>
    <subfield code="3">10</subfield>
    <subfield code="6">20161129</subfield>
    <subfield code="8">BPMSU</subfield>
    <subfield code="a">00041</subfield>
  </datafield>
  <datafield tag="999" ind1=" " ind2=" ">
    <subfield code="c">12157</subfield>
    <subfield code="d">12157</subfield>
  </datafield>
</record>
